| 000 | 004760000a22001690004500 | ||
|---|---|---|---|
| 003 | MACL | ||
| 005 | 20151229121632.0 | ||
| 008 | 151229b xxu||||| |||| 00| 0 eng d | ||
| 040 |
_aMACL _cMACL |
||
| 041 | _aEnglish | ||
| 082 | _a100/PRA | ||
| 100 |
_aVerma, Dr Vishwanath Prasad _923633 |
||
| 245 | _aStudies in Hindu Political Thought and Its Metaphysical Foundations | ||
| 260 |
_bMotilal Banarsidass _aBanaras |
||
| 650 |
_aPhilosophy _923634 |
||
| 942 |
_cBK _k100/PRA _2ddc |
||
| 999 |
_c35284 _d35284 |
||